000 01093nam a2200301Ia 4500
003 OSt
005 20221007122347.0
006 a|||||r|||| 00| 0
007 ta
008 221006b |||||||| |||| 00| 0 eng d
020 _a9783540729921 (hbd)
_c9733.2544999999991
024 _a83011
037 _b094, 12/12/2008, Insat Books & Periodicals
_cTextbook
040 _aPAPL
_cPAPL
_beng
041 _2eng
_aeng
082 _aC21:(D), P7 Carpa
100 _aBrechignac Catherine Ed.
_9714118
245 0 _aNanomaterials and nanochemistry
_b Houdy Philippe Ed. lahmani Marcel Ed.
260 _aBerlin
_bSpringer
_c2007
300 _axxx, 747p.
_ccm.
500 _aIncludes bibliographical references.; Index 717-747p.
650 _a Nanochemistry
_9714119
650 _aChemistry
700 _a Houdy Philippe Ed.
_9714120
700 _a lahmani Marcel Ed.
_9714121
942 _hC21:(D), P7 Carpa
_cTB
_2CC
999 _c1210217
_d1210217